Countries with the most castles - Statistics

General Stats
  • This quiz has been taken 117 times
  • The average score is 12 of 15
Answer Stats
Number Countries % Correct
45.000 France
100%
1.459 Spain
99%
1.500 United Kingdom
99%
3,481 Germany
98%
20.000 Italy
98%
375 Poland
92%
552 Switzerland
88%
657 Ireland
83%
1.240 Belgium
82%
1.820 Czech Republic
82%
305 Hungary
82%
301 Romania
80%
802 India
63%
457 Iran
43%
293 Armenia
18%
No matching quizzes found
Score Distribution
Percent of People with Each Score
Percentile by Number Answered
Your Score History
You have not taken this quiz